000 00377nam a2200145Ia 4500
008 210210b1996 xxu||||| |||| 00| 0 eng d
082 _a510 BOST
100 _aBOSCO (S S).
245 _aTheory and problems in mathematics.II PUC.
260 _aMangalore
_bT. Egithin Bosco
_c1996
300 _a4-364,5-20
650 _aII PUC Maths
690 _aMathematics
906 _a051337
999 _c99606
_d99606